30 Strategi membina pengaruh : cipta pengaruh luar biasa setiap hari

Bibliographic Details
Main Author: Zamri Mohamad
Format: Book
Published: Selangor : PTS Millennia Sdn. Bhd , 2012
Subjects:

MARC

LEADER 00000cam a2200000 7i4500
001 0000035959
005 20180606.0
008 130529
020 |a 9789833603569 
020 |a 9833603599 
090 0 0 |a 153.852   |b ZAM 
100 0 |a Zamri Mohamad 
245 1 0 |a 30 Strategi membina pengaruh :   |b cipta pengaruh luar biasa setiap hari   |c penulis prolifik Malaysia Zamri Mohamad & Haeqal Zulqarnain 
260 |a Selangor :   |b PTS Millennia Sdn. Bhd ,   |c 2012 
650 0 |a Influence (Psychology) 
650 0 |a Persuasion (Psychology) 
999 |a 0001181268   |b Book   |c Adult Collection   |e Cawangan Taman Sri Lambak 
999 |a 0001181269   |b Book   |c Adult Collection   |e Cawangan Tmn. Ungku Tun Aminah 
999 |a 0001181271   |b Book   |c Adult Collection   |e Cawangan Bandar Penawar 
999 |a 0001181272   |b Book   |c Adult Collection   |e Cawangan Kota Tinggi 
999 |a 0001181273   |b Book   |c Adult Collection   |e Cawangan Segamat 
999 |a 0001181274   |b Book   |c Adult Collection   |e Cawangan Muar 
999 |a 0001181275   |b Book   |c Adult Collection   |e Cawangan Bandar Tenggara 
999 |a 0001181276   |b Book   |c Adult Collection   |e Cawangan Mersing 
999 |a 0001181277   |b Book   |c Adult Collection   |e Perbadanan Perpustakaan Awam Johor 
999 |a 0001227784   |b Book   |c Adult Collection   |e Cawangan AEON Kulaijaya